Statistics for Capitals Of Dependent Territories Of North America

Click here to take the quiz!

General Stats

  • This quiz has been taken 79 times
  • The average score is 11 of 15

Answer Stats

TerritoryAnswer% Correct
Puerto RicoSan Juan
94%
BermudaHamilton
83%
Cayman IslandsGeorge town
81%
ArubaOranjestad
81%
AnguillaThe Valley
81%
GuadeloupeBasse-Terre
78%
MontserratPlymouth
78%
British Virgin IslandsRoad Town
78%
CuracaoWillemstad
75%
US Virgin IslandsCharlotte Amalie
72%
Turks and Caicos IslandsCockburn Town
69%
Saint MartinMarigot
67%
Saint BarthelemyGustavia
58%
Saint Pierre and MiquelonSt Pierre
53%
SabaThe Bottom
44%

Score Distribution

Percentile by Number Answered

Percent of People with Each Score

Your Score History

You have not taken this quiz